000 00353nam a22001457a 4500
003 macl
005 20250503154344.0
008 250503b |||||||| |||| 00| 0 eng d
040 _cmacl
082 _a020
100 _aSharma ,S.K. Panday
_983186
245 _aPractical Dewey Decimal Classification
650 _aLibrary Science
_957
942 _2ddc
_cBK
999 _c67967
_d67967